LIBRARY & INFORMATION CENTRE, KCAET, TAVANUR

ONLINE PUBLIC ACCESS CATALOGUE (OPAC)

Principles of corparation (Record no. 11157)

MARC details
000 -LEADER
fixed length control field 00326cam a2200145ua 4500
041 ## - LANGUAGE CODE
Language code of text/sound track or separate title eng
082 ## - DEWEY DECIMAL CLASSIFICATION NUMBER
Classification number 334.01
Item number BOY/PR
100 ## - MAIN ENTRY--AUTHOR NAME
Personal name Bogards, Emorys .
245 ## - TITLE STATEMENT
Title Principles of corparation
260 ## - PUBLICATION, DISTRIBUTION, ETC. (IMPRINT)
Place of publication U.S.A :
Name of publisher Co operative league ,
Year of publication 1958.
300 ## - PHYSICAL DESCRIPTION
Number of Pages ; .
942 ## - ADDED ENTRY ELEMENTS (KOHA)
Koha item type Books
Holdings
Withdrawn status Lost status Damaged status Home library Current library Date acquired Full call number Accession Number Koha item type
Withdrawn     KAUAET Sanskrit University 07/04/2012 334.01 739 Books
free website counter